Optical communication (Record no. 942)
[ view plain ]
| 000 -LEADER | |
|---|---|
| Fixed length control field | 00435nam a2200169 4500 |
| 003 - CONTROL NUMBER IDENTIFIER | |
| Control field | SEACOMEC |
| 005 - DATE AND TIME OF LATEST TRANSACTION | |
| Control field | 20240427130458.0 |
| 008 - FIXED-LENGTH DATA ELEMENTS--GENERAL INFORMATION | |
| Fixed length control field | 240427b |||||||| |||| 00| 0 eng d |
| 020 ## - INTERNATIONAL STANDARD BOOK NUMBER / ISBN | |
| International Standard Book Number | 9780130326812 |
| Price | Rs.250.00 |
| 040 ## - CATALOGING SOURCE | |
| Original cataloging agency | SEACOMEC |
| 082 ## - DEWEY DECIMAL CLASSIFICATION NUMBER | |
| Classification number | 621.3827 |
| Book Number | R215 |
| 100 ## - MAIN ENTRY--PERSONAL NAME | |
| Personal name | Rao,M,Mukunda |
| 245 1# - TITLE STATEMENT | |
| Title | Optical communication |
| Statement of responsibility | M. Mukunda Rao |
| 260 ## - IMPRINT | |
| Place of publication | Hyderabad |
| Name of publisher | Universities Press |
| Date of publication | 2000 |
| 650 ## - SUBJECT ADDED ENTRY--TOPICAL TERM | |
| Topical term | Electronic |
| 942 ## - ADDED ENTRY ELEMENTS (KOHA) | |
| Koha item type | Books |
| Withdrawn status | Lost status | Source of classification | Damaged status | Not for loan | Home library | Current library | Date acquired | Total Checkouts | Call number | Accession number | Date last seen | Price effective from | Koha item type | Copy number |
|---|---|---|---|---|---|---|---|---|---|---|---|---|---|---|
| Dewey Decimal Classification | SEACOM ENGINEERING COLLEGE | SEACOM ENGINEERING COLLEGE | 13/06/2006 | 621.3827 R215 | 3778 | 27/04/2024 | 27/04/2024 | Books | ||||||
| Dewey Decimal Classification | SEACOM ENGINEERING COLLEGE | SEACOM ENGINEERING COLLEGE | 13/06/2006 | 621.3827 R215 | 3779 | 27/04/2024 | 27/04/2024 | Books | 1 | |||||
| Dewey Decimal Classification | SEACOM ENGINEERING COLLEGE | SEACOM ENGINEERING COLLEGE | 13/06/2006 | 621.3827 R215 | 3780 | 27/04/2024 | 27/04/2024 | Books | 2 | |||||
| Dewey Decimal Classification | SEACOM ENGINEERING COLLEGE | SEACOM ENGINEERING COLLEGE | 13/06/2006 | 621.3827 R215 | 3781 | 27/04/2024 | 27/04/2024 | Books | 3 | |||||
| Dewey Decimal Classification | SEACOM ENGINEERING COLLEGE | SEACOM ENGINEERING COLLEGE | 13/06/2006 | 621.3827 R215 | 3782 | 27/04/2024 | 27/04/2024 | Books | 4 |
